00888 a2200169 45000010006000000050017000060080041000230030015000640400040000790800083001192450043002020200018002452640075002633000019003385050333003571000028006905956320260407155849.0260407a1986 arg spa dAR-UNSa-BCEJYS aAR-UNSa-BCEJYSbspacAR-UNSa-BCEJYS a338.45xIndustria como sector económico. Producción comercial, industrial 10aLa promoción industrial en Argentina a950-23-0307-5 1aBuenos Aires :bEUDEBA (Editorial Universitaria de Buenos Aires)c1986 a274 p.c22 cm. a1. Análisis estructural del sector industrial argentino - 2. Justificación teórica del SIPA como instrumento de política económica - 3. Evolución de la legislación de promoción industrial Argentina - 4. Aspectos cuantitativos de las inversiones industriales promocionadas - 5. Conclusiones de la investigación 1 aFerrucci, Ricardo Jorge